000 00439cam a2200181ua 4500
001 504
008 110407n ii |||gr||||Z||||||eng
040 _cMAIN
082 _a320.5
245 _aManu Max and Gandhi.
_cBy J.P Suda.
250 _a1st.
260 _aMeerut.:
_bJayprakash Nath & Co.,967.
300 _avi, 188 p.:5 cm.
653 _aPolitical science.
653 _aManu, Max and Gandhi.
700 1 _aSuda, J.P.,
942 _cBK
999 _c443
_d443